header

The Sabra (Record no. 1836)

MARC details
000 -LEADER
fixed length control field 01432nam a22003614a 4500
082 04 - DEWEY DECIMAL CLASSIFICATION NUMBER
Classification number 305.892/405694
100 1# - MAIN ENTRY--AUTHOR NAME
Personal name Almog, Oz.
245 14 - TITLE STATEMENT
Title The Sabra
260 ## - PUBLICATION, DISTRIBUTION, ETC. (IMPRINT)
Place of publication Berkeley :
Name of publisher University of California Press,
Year of publication c2000.
300 ## - PHYSICAL DESCRIPTION
Number of Pages xv, 313 p. :
Other physical details ill.
490 1# - SERIES STATEMENT
Series statement The S. Mark Taper Foundation imprint in Jewish studies
650 #0 - SUBJECT ADDED ENTRY--TOPICAL TERM
Topical Term National characteristics, Israeli.
Topical Term Sabras.
Topical Term Jews
856 40 - ELECTRONIC LOCATION AND ACCESS
Uniform Resource Identifier http://site.ebrary.com/lib/rucke/Doc?id=5003250

No items available.

© 2026 Rongo University
Contact us: librarian | system librarian | Rongo university